000 00669nam a2200241Ia 4500
003 OSt
005 20220918205814.0
006 a|||||r|||| 00| 0
007 ta
008 220917b |||||||| |||| 00| 0 eng d
024 _a118,009
037 _cTextual
040 _aARTS
_cARTS
_beng
041 _2eng
_aeng
082 _aV6:1-8nN68, K9
100 _aLegum Colin
245 0 _aAfrica contemporary record
_b annual survey and cocuments
260 _aLondon
_bRex Collings UK
_c1969
650 _aHISTORY
700 _a Drusdale John
_9116248
942 _hV6:1-8nN68, K9
_cTEXL
_2CC
999 _c241286
_d241286